| 000 | 00620nam a2200217Ia 4500 | ||
|---|---|---|---|
| 005 | 20260629163253.0 | ||
| 008 | 260629s9999||||xx |||||||||||||| ||und|| | ||
| 020 |
_a9788195895021 _qhb |
||
| 082 |
_a332.6322 _bSUN |
||
| 100 | _aSundarka, Anurag | ||
| 245 | 0 | _aStock investing mastermind : beginners handbook to winning big in Stock Markets ! | |
| 260 |
_a[Surat] _bZebraLearn _c2022 |
||
| 300 | _a370p. ; 21cm. | ||
| 653 | _aInvestment analysis and strategy | ||
| 653 | _aInvestments | ||
| 653 | _aPortfolio management | ||
| 653 | _aSecurities | ||
| 653 | _aStock exchanges | ||
| 653 | _aStocks | ||
| 942 | _cBK | ||
| 999 |
_c57275 _d57275 |
||